Les émotions (Record no. 131)
[ view plain ]
| 000 -LEADER | |
|---|---|
| Leader | 00377nam a2200157 4500 |
| 003 - IDENTIFIANT DE NUMÉRO DE CONTRÔLE | |
| champ de contrôle | OSt |
| 005 - DATE ET HEURE DE LA DERNIÈRE TRANSACTION | |
| champ de contrôle | 20241019175722.0 |
| 007 - CHAMP FIXE DE DESCRIPTION PHYSIQUE -- INFORMATIONS GENERALES | |
| Leader | ta |
| 008 - Éléments de longueur fixe - Renseignements généraux | |
| Leader | 241019b |||a|||| |||| 00| 1 fre d |
| 020 ## - NUMERO INTERNATIONAL DU LIVRE (ISBN) | |
| ISBN, numéro international normalisé du livre | 9782408006563 |
| 040 ## - SOURCE DE CATALOGAGE | |
| Agence transcriptrice | autismepaimpol.fr |
| 100 ## - Vedette principale - Nom de personne | |
| Forme complète du nom | Pascale HEDELIN(Auteur), Chiaki MIYANTO (Illustrations) |
| 245 ## - TITLE STATEMENT | |
| Titre | Les émotions |
| 260 ## - Publication, diffusion, etc. (marque d'éditeur) | |
| Nom de l'éditeur, du diffuseur, etc. | Milan |
| 942 ## - ADDED ENTRY ELEMENTS (KOHA) | |
| Type de document Koha | Livre jeunesse |
| 999 ## - | |
| -- | 131 |
| -- | 131 |
| Statut retiré des collections | Statut perdu | Source de classification / plan de classement | Statut endommagé | Exclu du prêt | Site de rattachement | Site actuel | Date d'acquisition | Total des prêts | Code à barres | Vu en dernier | Prix effectif de | Type de document Koha |
|---|---|---|---|---|---|---|---|---|---|---|---|---|
| Classification décimale de Dewey | Autisme Paimpol - Matériel | Autisme Paimpol - Matériel | 19/10/2024 | 66 | 19/10/2024 | 19/10/2024 | Livre jeunesse |